000 00329nam a2200133Ia 4500
008 230917s9999||||xx |||||||||||||| ||und||
040 _e92691
_aMAIN
041 _aEnglish
082 _a617.3 R165R
100 _aRanjeet Singh
245 0 _aRole of calcaneum ostetomy in treatment of club foot
300 _a103 p.
942 _cTH
999 _c79271
_d79271